NLSUI OPAC header image

Landan ke rāt din : (Record no. 27583)

MARC details
000 -LEADER
fixed length control field 01781cam a22003137a 4500
001 - CONTROL NUMBER
control field 13969821
003 - CONTROL NUMBER IDENTIFIER
control field OSt
005 - DATE AND TIME OF LATEST TRANSACTION
control field 20210408124231.0
008 - FIXED-LENGTH DATA ELEMENTS--GENERAL INFORMATION
fixed length control field 041130s2004 ii 000 1 urd
010 ## - LIBRARY OF CONGRESS CONTROL NUMBER
LC control number 2004309317
020 ## - INTERNATIONAL STANDARD BOOK NUMBER
International Standard Book Number 8190074016
025 ## - OVERSEAS ACQUISITION NUMBER
Overseas acquisition number I-U-2004-309317; 10
035 ## - SYSTEM CONTROL NUMBER
System control number (DLC) 2004309317
037 ## - SOURCE OF ACQUISITION
Source of stock number/acquisition Library of Congress -- New Delhi Overseas Office
Terms of availability Rs350.00 ($20.00 U.S.)
040 ## - CATALOGING SOURCE
Original cataloging agency DLC
Transcribing agency DLC
Modifying agency DLC
042 ## - AUTHENTICATION CODE
Authentication code lcode
050 00 - LIBRARY OF CONGRESS CALL NUMBER
Classification number MLCSA 2004/01667 (P)
-- PK2200.B33185
100 1# - MAIN ENTRY--PERSONAL NAME
Personal name Bāqir, ʻAlī.
245 10 - TITLE STATEMENT
Title Landan ke rāt din :
Remainder of title muntak̲h̲ab afsāne /
Statement of responsibility, etc. ʻAlī Bāqir.
250 ## - EDITION STATEMENT
Edition statement 1st ed.
260 ## - PUBLICATION, DISTRIBUTION, ETC.
Place of publication, distribution, etc. Naʼī Dihlī :
Name of publisher, distributor, etc. Sīmā Pablīkeshanz :
-- Taqsīmkār, Tak̲h̲līqkār Pablisharz,
Date of publication, distribution, etc. 2004.
300 ## - PHYSICAL DESCRIPTION
Extent 448 p. ;
Dimensions 22 cm.
500 ## - GENERAL NOTE
General note Short stories.
505 ## - FORMATTED CONTENTS NOTE
Formatted contents note Contents;<br/>Introduction;<br/>SECTION CHALLENGES<br/>Chapter 1. Welfare State: New Dimensions;<br/>Chapter 2. Experience of Disability in India;<br/>Chapter 3. Equal Opportunities for All;<br/>Chapter 4. Definitions;<br/>Chapter 5. Extent of Disability in India;<br/>SECTION B SPECIFIC RESPONSES: SERVICES<br/>Chapter 6. Statutary Welfare Services;<br/>Chapter 7. Statutary Health Services;<br/>Chapter 8. Statutary Education and Employment Services;<br/>Chapter 9. Partners in Caring;<br/>Chapter 10. Common Concerns of Diverse Groups;<br/>Chapter 11. Narratives of struggle and Triumph;<br/>SECTION C GENERAL RESPONSES: SAFEGUARDS<br/>Chapter 12. Rights of People with Disabilities;<br/>Chapter 13. Integration: Ideals and Obstacles;<br/>Chapter 14. By Way of Recommendations;<br/>Chapter 15. Afterword-An Overview of Disability in India during 1996-2006;<br/>Appendices.<br/><br/><br/>
546 ## - LANGUAGE NOTE
Language note In Urdu.
906 ## - LOCAL DATA ELEMENT F, LDF (RLIN)
a 7
b cbc
c origode
d 5
e ncip
f 20
g y-gencatlg
942 ## - ADDED ENTRY ELEMENTS (KOHA)
Source of classification or shelving scheme Dewey Decimal Classification
Koha item type BOOKs
Holdings
Withdrawn status Lost status Damaged status Not for loan Home library Current library Shelving location Date acquired Total Checkouts Full call number Barcode Date last seen Price effective from Koha item type
        . . Library Compactors 30.05.2017   323.1 BAQ 24981 30.05.2017 30.05.2017 BOOKs